| Поле | Название | Значение |
| |
Тип записи |
a |
| |
Библиографический уровень |
m |
| 001 |
Контрольный номер |
a756275a749d40fda90c081ce72d3039 |
| 005 |
Дата корректировки |
20201206205216.9 |
| 010 |
Индекс ISBN |
__ |
| a |
ISBN |
978-5-4465-2522-5 |
| d |
Цена |
180-00, 100 экз. |
| 100 |
Данные общей обработки |
__ |
| a |
Данные общей обработки |
19191205d2019||||||| 0rusy0189 ca |
| 101 |
Язык документа |
0_ |
| a |
Язык текста |
rus |
| 102 |
Страна публикации |
__ |
| a |
Страна публикации |
RU| |
| 102 |
Страна публикации |
__ |
| a |
Страна публикации |
RU |
| 105 |
Кодированные данные (монография) |
__ |
| a |
Кодированные данные (монография) |
а|||||||000zy |
| 200 |
Заглавие и сведения об ответственности |
1_ |
| a |
Заглавие |
"Привет, моя музыка!" |
| f |
Первые сведения об ответственности |
Алена Поль ; дизайнер Руслан Саитов ; художник Кира Барс ; корректор Ирина Логвиненко |
| b |
Общее обозначение материала |
Текст |
| 210 |
Выходные данные |
__ |
| a |
Место издания |
Москва |
| c |
Издательство |
Буки Веди |
| d |
Дата издания |
2019 |
| 215 |
Физическое описание |
__ |
| a |
Объем |
86 с. |
| c |
Иллюстрации/тип воспроизводства |
ил. |
| d |
Формат |
21 см |
| 300 |
Общие примечания |
__ |
| a |
Общие примечания |
На титульном листе автограф автора: "Центральной городской библиотеке от Аленки с благодарностью. Подпись" |
| 300 |
Общие примечания |
__ |
| a |
Общие примечания |
Содержит ссылки по QR-коду |
| 330 |
Аннотация |
__ |
| a |
Аннотация |
Эта книга поможет овладеть древнейшим инструментом - голосом. Книгу о музыке представила, пожалуй, одна из самых известных сургутских певиц - Алена Поль. Исполнительница предлагает задания, которые помогут развить творческие способности и научиться петь. По QR-коду можно перейти на канал Алены Поль на видеохостинге YouTube. |
| 606 |
Тематические рубрики |
__ |
| a |
Основная рубрика |
Музыка и зрелищные искусства |
| 606 |
Тематические рубрики |
__ |
| a |
Основная рубрика |
Музыка в целом |
| 610 |
Ключевые слова |
__ |
| a |
Ключевые слова |
музыка |
| 610 |
Ключевые слова |
__ |
| a |
Ключевые слова |
краеведение |
| 610 |
Ключевые слова |
__ |
| a |
Ключевые слова |
пение |
| 610 |
Ключевые слова |
__ |
| a |
Ключевые слова |
творческие способности |
| 610 |
Ключевые слова |
__ |
| a |
Ключевые слова |
развитие творческих способностей |
| 610 |
Ключевые слова |
__ |
| a |
Ключевые слова |
развитие музыкальных способностей |
| 610 |
Ключевые слова |
__ |
| a |
Ключевые слова |
обучение пению |
| 686 |
Индексы других классификаций |
__ |
| 2 |
Код системы |
rubbks |
| a |
Классификационный индекс |
85.31; ст85.31 |
| 700 |
Автор |
_1 |
| a |
Фамилия |
Поль |
| b |
Имя |
А. |
| f |
Даты |
1986- |
| g |
Полное личное имя |
Алена |
| 4 |
Код отношения |
070 |
| 702 |
Вторичная интеллектуальная ответственность |
_1 |
| a |
Фамилия |
Саитов |
| b |
Имя |
Р. |
| 4 |
Код отношения |
Прочие |
| g |
Полное личное имя |
Руслан |
| 4 |
Код отношения |
570 |
| 702 |
Вторичная интеллектуальная ответственность |
_1 |
| a |
Фамилия |
Барс |
| b |
Имя |
К. |
| 4 |
Код отношения |
Художник |
| f |
Даты |
1984- |
| g |
Полное личное имя |
Кира |
| 4 |
Код отношения |
040 |
| 702 |
Вторичная интеллектуальная ответственность |
_1 |
| a |
Фамилия |
Логвиненко |
| b |
Имя |
И. |
| 4 |
Код отношения |
Прочие |
| g |
Полное личное имя |
Ирина |
| 4 |
Код отношения |
570 |
| 801 |
Источник записи |
_0 |
| a |
Страна |
RU |
| b |
Организация |
Муниципальное бюджетное учреждение культуры "Централизованная библиотечная система" г. Сургут (Центральная городская библиотека им. А. С. Пушкина) |
| c |
Дата составления |
20191205 |
| g |
Правила каталогизации |
PSBO |
| 801 |
Источник записи |
_1 |
| a |
Страна |
RU |
| b |
Организация |
Муниципальное бюджетное учреждение культуры "Централизованная библиотечная система" г. Сургут (Центральная городская библиотека им. А. С. Пушкина) |
| c |
Дата составления |
20191205 |
| g |
Правила каталогизации |
PSBO |
| 852 |
Данные о местонахождении |
__ |
| j |
Шифр хранения |
85.31 |
| i |
Авторский знак |
П 53 |
| 901 |
Тип документа |
__ |
| t |
Тип документа |
m |
| a |
Ответственный |
КиК/Лукашук |
| 903 |
Характеристики (МАРС) |
__ |
| a |
Дата передачи |
20191205 |
| 969 |
Тип издания |
__ |
| a |
Тип издания |
интерактивная книга |
| 990 |
Данные о заказе (DOS) |
__ |
| j |
Количество экземпляров (DOS) |
3 |
| t |
N записи в КСУ для И/У (DOS) |
201911 |